Research on Cosmic Rays and Their Impact on Human Activities (Record no. 33075)
[ view plain ]
| 000 -LEADER | |
|---|---|
| fixed length control field | 01163nam a2200133Ia 4500 |
| 008 - FIXED-LENGTH DATA ELEMENTS--GENERAL INFORMATION | |
| fixed length control field | 220620s9999||||xx |||||||||||||| ||und|| |
| 020 ## - INTERNATIONAL STANDARD BOOK NUMBER | |
| International Standard Book Number | 9783040000000 |
| 245 #0 - TITLE STATEMENT | |
| Title | Research on Cosmic Rays and Their Impact on Human Activities |
| 546 ## - LANGUAGE NOTE | |
| Language note | English[eng] |
| 650 ## - SUBJECT ADDED ENTRY--TOPICAL TERM | |
| Topical term or geographic name entry element | cosmic rays||Extensive Air Showers||particle detectors||Cosmic Ray Ensembles||ionosphere||ELF/VLF waves||energetic electron precipitations||storm-time feature||CSES||trapped particles||South Atlantic Anomaly||AE9/AP9/SPM models||radiation belts||Poisson data||time series||quasi-Gaussian filter||digital filtering||optimization||global minimization||annealing simulation algorithm||space weather||geomagnetic storms||LEO satellites||digital gamma-rays spectrometer||cosmic veto||active shield||muons||muon flux periodicity||atmospheric neutrons||radiation dose||passengers and flight crew||ultrathin calorimeter||direct measurements||energy reconstruction||PAMELA||shower development universality||cosmic ray physics||multi-messenger astrophysics||extensive air showers||n/a |
| 700 ## - ADDED ENTRY--PERSONAL NAME | |
| Personal name | Sparvoli, Roberta||Martucci, Matteo |
| 856 ## - ELECTRONIC LOCATION AND ACCESS | |
| Uniform Resource Identifier | <a href="https://mdpi.com/books/pdfview/book/5358">https://mdpi.com/books/pdfview/book/5358</a> |
| 942 ## - ADDED ENTRY ELEMENTS (KOHA) | |
| Koha item type | E-Books |
| Withdrawn status | Lost status | Damaged status | Not for loan | Home library | Current library | Date acquired | Total Checkouts | Date last seen | Price effective from | Koha item type |
|---|---|---|---|---|---|---|---|---|---|---|
| Kerala University of Digital Sciences, Innovation and Technology Knowledge Centre | Kerala University of Digital Sciences, Innovation and Technology Knowledge Centre | 20/06/2022 | 20/06/2022 | 20/06/2022 | E-Books |